000 00443nam a2200181Ia 4500
001 25452
005 20260414151151.0
008 260414t2014||||xx |||||||||||||| ||spa||
041 _aESP
082 _a346.5
_bT75 V. 1
100 _aTorres Vásquez, Anibal
_eAUT
245 0 _aTeoría general de las obligaciones
_b
260 _c2014
300 _a639 páginas :
_c25 cm.
650 _aDER
654 _aCDE
942 _cLIB
_dJUS
_fJUS
_2ddc
_n
999 _c25452
_d25452